[Event "3eme Open International de La Fere"]
[Site "La Fere (FRA)"]
[Date "2004.??.??"]
[Round "7.34"]
[White "Pytel, Bozena"]
[Black "Nicolle, Francois"]
[Result "1-0"]
[WhiteElo "2023"]
[BlackElo "1580"]
[PlyCount "89"]
[EventDate "2004.??.??"]

1. Nf3 d6 2. d4 g6 3. c4 Bg7 4. Nc3 c6 5. e4 Bg4 6. Be2 Bxf3 7. Bxf3 Nd7 8. Be3
Ngf6 9. Qd2 Nb6 10. b3 Qc7 11. Rc1 Rd8 12. O-O O-O 13. a3 a6 14. Be2 e5 15.
dxe5 dxe5 16. Qc2 Nbd7 17. b4 b6 18. Na4 c5 19. bxc5 Nxc5 20. Nc3 Qc6 21. f3
Rfe8 22. Nd5 Bf8 23. Rb1 Nxd5 24. cxd5 Qa4 25. Qxa4 Nxa4 26. Bxa6 Ra8 27. Bb7
Rab8 28. Bc6 Nc3 29. Rb3 Ne2+ 30. Kf2 Nd4 31. Bxd4 exd4 32. Bxe8 Rxe8 33. Rxb6
Bxa3 34. Rfb1 Kg7 35. Rb8 Re5 36. Ke2 Rh5 37. h3 Rg5 38. g4 h5 39. Kd3 Bd6 40.
R8b7 hxg4 41. hxg4 Be5 42. Ra1 Bf6 43. Raa7 Kg8 44. Rxf7 Bd8 45. Rfd7 1-0

[Event "3eme Open International de La Fere"]
[Site "La Fere (FRA)"]
[Date "2004.??.??"]
[Round "7.35"]
[White "Deneuville, Ludovic"]
[Black "Dumortier, Thierry"]
[Result "1/2-1/2"]
[WhiteElo "1780"]
[BlackElo "2019"]
[PlyCount "58"]
[EventDate "2004.??.??"]

1. e4 Nf6 2. e5 Nd5 3. d4 d6 4. exd6 cxd6 5. Bc4 Nb6 6. Bb3 d5 7. Nf3 Nc6 8. c3
Bf5 9. Bf4 Qd7 10. Nbd2 Bd3 11. Bc2 Qe6+ 12. Be3 Qf5 13. Bxd3 Qxd3 14. Nb3
Qxd1+ 15. Rxd1 Nc4 16. Bc1 e6 17. Nfd2 b5 18. Nc5 Rc8 19. b4 Nb6 20. Nf3 g6 21.
Bf4 Nd7 22. Nd3 Nf6 23. Nc5 h6 24. Ke2 Nd7 25. Nd3 Be7 26. Ra1 Bd8 27. a4 bxa4
28. Rxa4 Bb6 29. Bd6 Ne7 1/2-1/2

[Event "3eme Open International de La Fere"]
[Site "La Fere (FRA)"]
[Date "2004.??.??"]
[Round "7.36"]
[White "Croenne, Olivier"]
[Black "Lucas, Bernard"]
[Result "1-0"]
[WhiteElo "2055"]
[BlackElo "1730"]
[PlyCount "53"]
[EventDate "2004.??.??"]

1. e4 e5 2. Nc3 Nc6 3. f4 exf4 4. Nf3 Bc5 5. d4 Bb4 6. Bxf4 d6 7. d5 Nb8 8. Qd3
Nd7 9. O-O-O Qe7 10. e5 dxe5 11. Bxe5 Nxe5 12. Nxe5 Qg5+ 13. Kb1 Bd6 14. Qb5+
Kf8 15. Nf3 Qf6 16. Bd3 Ne7 17. Rhf1 a6 18. Qb3 Ng6 19. Ne4 Qd8 20. Nfg5 Ne5
21. Ne6+ Bxe6 22. dxe6 f6 23. Ng5 Ke7 24. Nf7 Nxf7 25. exf7 Qc8 26. Bf5 Qd8 27.
Rde1+ 1-0

[Event "3eme Open International de La Fere"]
[Site "La Fere (FRA)"]
[Date "2004.??.??"]
[Round "7.37"]
[White "Coquelle, Gilbert"]
[Black "Lonnoy, Remi"]
[Result "0-1"]
[WhiteElo "1720"]
[BlackElo "2025"]
[PlyCount "64"]
[EventDate "2004.??.??"]

1. d4 Nf6 2. c4 g6 3. Nf3 Bg7 4. Nc3 d5 5. Bg5 Ne4 6. Bf4 Nxc3 7. bxc3 c5 8. e3
Nc6 9. Qb3 e6 10. cxd5 exd5 11. dxc5 Qa5 12. Rc1 Qxc5 13. Qc2 O-O 14. Bd3 Bg4
15. O-O Bxf3 16. gxf3 Ne5 17. Be2 Rfc8 18. Qb3 b6 19. Rfd1 Nc4 20. e4 dxe4 21.
fxe4 Qc6 22. Bg4 Rd8 23. Rxd8+ Rxd8 24. Bf3 Ne5 25. Bg2 Rd7 26. Bh3 Rd3 27. Bf1
Rf3 28. Bxe5 Bxe5 29. Qd5 Qf6 30. Rd1 Qf4 31. Bg2 Rxf2 32. Rf1 Rxf1+ 0-1

[Event "3eme Open International de La Fere"]
[Site "La Fere (FRA)"]
[Date "2004.??.??"]
[Round "7.38"]
[White "Demeestere, Laurent"]
[Black "Diener, Jean-Denis"]
[Result "1-0"]
[WhiteElo "1954"]
[BlackElo "1690"]
[PlyCount "35"]
[EventDate "2004.??.??"]

1. e4 c6 2. d4 d5 3. exd5 cxd5 4. c4 Nf6 5. Nc3 e6 6. Nf3 dxc4 7. Bxc4 Bb4 8.
O-O O-O 9. Bg5 Be7 10. Qc2 Qc7 11. Nb5 Qd8 12. Bd3 a6 13. Nc3 b5 14. Bxf6 Bxf6
15. Bxh7+ Kh8 16. Be4 Ra7 17. Nxb5 axb5 18. Qc5 1-0

[Event "3eme Open International de La Fere"]
[Site "La Fere (FRA)"]
[Date "2004.??.??"]
[Round "7.39"]
[White "Mestdagh, Franck"]
[Black "Dumenil, Jean-Francois"]
[Result "1-0"]
[WhiteElo "1944"]
[BlackElo "1670"]
[PlyCount "73"]
[EventDate "2004.??.??"]

1. Nf3 Nf6 2. d4 e6 3. g3 c5 4. Bg2 d5 5. O-O Nc6 6. c4 cxd4 7. Nxd4 Bc5 8. Nb3
Be7 9. Nc3 dxc4 10. Nd2 O-O 11. Nxc4 Qxd1 12. Rxd1 Rd8 13. Bf4 Bd7 14. Bc7 Rdc8
15. Bd6 Kf8 16. Rd2 Be8 17. Rad1 Bxd6 18. Nxd6 Rc7 19. Nxe8 Kxe8 20. Nb5 Re7
21. Nd6+ Kf8 22. Nxb7 Rc8 23. Nd6 Rcc7 24. Nb5 Rc8 25. Rc1 Nd5 26. Bxd5 exd5
27. Rdc2 Re6 28. Nd4 Nxd4 29. Rxc8+ Ke7 30. R1c7+ Kd6 31. e3 Nf3+ 32. Kg2 Ng5
33. Rxa7 h5 34. Rd8+ Kc5 35. Ra5+ Kc4 36. Rdxd5 f6 37. Rd4# 1-0

[Event "3eme Open International de La Fere"]
[Site "La Fere (FRA)"]
[Date "2004.??.??"]
[Round "7.40"]
[White "Longuemart, Jean-Paul"]
[Black "Lemaire, Matthieu"]
[Result "0-1"]
[WhiteElo "1680"]
[BlackElo "1890"]
[PlyCount "108"]
[EventDate "2004.??.??"]

1. e4 e5 2. Nf3 Nc6 3. Bb5 Nd4 4. Bc4 Nxf3+ 5. Qxf3 Qf6 6. Nc3 Qxf3 7. gxf3 c6
8. d3 d6 9. Bd2 Be6 10. Bxe6 fxe6 11. f4 exf4 12. Bxf4 d5 13. O-O-O O-O-O 14.
Rhg1 Ne7 15. h4 g6 16. Be5 Bh6+ 17. Kb1 Rhf8 18. Rdf1 Rf3 19. Ne2 Kd7 20. Nd4
Rf7 21. f4 Rdf8 22. Ne2 c5 23. Rd1 a6 24. exd5 exd5 25. d4 c4 26. b3 b5 27.
bxc4 bxc4 28. Ka1 Nf5 29. Rh1 Ne3 30. Rc1 Ng2 31. Rb1 Kc6 32. Rb2 Rb7 33. Rxb7
Kxb7 34. Rb1+ Kc6 35. a4 Nxf4 36. Nxf4 Bxf4 37. Rf1 Bh6 38. Rxf8 Bxf8 39. Bf6
Kd6 40. Kb2 Ke6 41. Bg5 Kf5 42. Kc3 h6 43. Bd8 g5 44. hxg5 hxg5 45. Kd2 Kf4 46.
Ke2 Bd6 47. Kf2 g4 48. Bb6 g3+ 49. Kg2 Ke3 50. Bc5 Bc7 51. Kf1 Kd2 52. Be7 Kxc2
53. Bf6 Kb2 54. Be5 Bb6 0-1

[Event "3eme Open International de La Fere"]
[Site "La Fere (FRA)"]
[Date "2004.??.??"]
[Round "8.2"]
[White "Malakhatko, Vadim"]
[Black "Radulski, Julian"]
[Result "1/2-1/2"]
[WhiteElo "2555"]
[BlackElo "2513"]
[PlyCount "149"]
[EventDate "2004.??.??"]

1. d4 d5 2. c4 e6 3. Nc3 Nf6 4. Bg5 Be7 5. e3 O-O 6. Nf3 Nbd7 7. Rc1 a6 8. c5
c6 9. Bd3 e5 10. dxe5 Ne8 11. Bf4 Nxc5 12. Bb1 Ne6 13. Bg3 f5 14. exf6 Nxf6 15.
O-O Nc5 16. Nd4 Qe8 17. Qc2 Qh5 18. f3 Re8 19. Rce1 Bf8 20. Kh1 Ne6 21. Nf5 Ng5
22. Nd6 Bxd6 23. Bxd6 Nf7 24. Bf4 Ne5 25. e4 Ng6 26. Bg3 dxe4 27. Nxe4 Nxe4 28.
Rxe4 Be6 29. Rfe1 Bf7 30. Rxe8+ Rxe8 31. Rxe8+ Bxe8 32. Qb3+ Qd5 33. Qxd5+ cxd5
34. Kg1 Ne7 35. Bc2 g6 36. Kf2 Kf7 37. Bd6 Nf5 38. Bc5 Ng7 39. Bb3 Ke6 40. g3
Bb5 41. Bc2 Kf7 42. Ke3 Ne6 43. Bb6 Ke7 44. h4 Kd6 45. h5 Be8 46. h6 Ng5 47.
Bd4 Nf7 48. Bg7 Bd7 49. g4 Kc5 50. Bf8+ Kc6 51. Ba4+ b5 52. Bd1 Ng5 53. Bg7 Kd6
54. b4 Be8 55. Bf6 Nf7 56. Bg7 Ng5 57. Bc2 Bd7 58. a3 Be8 59. Bf6 Nf7 60. g5
Ke6 61. Kd4 Nxh6 62. gxh6 Kxf6 63. f4 Bf7 64. Bd3 Bg8 65. Kc5 g5 66. fxg5+ Kxg5
67. Kd4 Kxh6 68. Bf5 Kg5 69. Bc8 Bf7 70. Bxa6 Be8 71. Kxd5 h5 72. a4 bxa4 73.
Kc4 h4 74. b5 a3 75. Kb3 1/2-1/2

[Event "3eme Open International de La Fere"]
[Site "La Fere (FRA)"]
[Date "2004.??.??"]
[Round "8.5"]
[White "Karpatchev, Aleksandr"]
[Black "Gharamian, Tigran"]
[Result "0-1"]
[WhiteElo "2463"]
[BlackElo "2398"]
[PlyCount "92"]
[EventDate "2004.??.??"]

1. e4 c5 2. c3 d5 3. exd5 Qxd5 4. d4 Nf6 5. Nf3 Bg4 6. dxc5 Qxc5 7. Na3 a6 8.
h3 Bxf3 9. Qxf3 Qd5 10. Be2 e6 11. Nc4 Nbd7 12. Bf4 Rc8 13. Ne3 Qxf3 14. Bxf3
Nc5 15. O-O-O b5 16. Nc2 Nfe4 17. Be3 f5 18. Rhe1 Kf7 19. Bxc5 Nxc5 20. b4 Na4
21. Rd7+ Kf6 22. Ra7 Bd6 23. Rxa6 Bf4+ 24. Ne3 Nxc3 25. Kb2 Be5 26. Kb3 Rhd8
27. Nxf5 Ne4 28. Bxe4 Rc3+ 29. Kb2 Rc6+ 30. Kb1 Rxa6 31. Ne3 h5 32. Nc2 Rd2 33.
Rf1 Bd4 34. f4 Rd6 35. a3 Rf2 36. Rd1 Rxf4 37. Bf3 Be5 38. Rxd6 Bxd6 39. Bxh5
Rf1+ 40. Ka2 Rf2 41. Kb3 Rxg2 42. Be8 Rg3+ 43. Ka2 Rxh3 44. Bxb5 g5 45. Ne1 g4
46. Ng2 Rc3 0-1

[Event "3eme Open International de La Fere"]
[Site "La Fere (FRA)"]
[Date "2004.??.??"]
[Round "8.6"]
[White "Sarakauskas, Gediminas"]
[Black "Sebe-Vodislav, Razvan-Alexandru"]
[Result "1-0"]
[WhiteElo "2442"]
[BlackElo "2346"]
[PlyCount "159"]
[EventDate "2004.??.??"]

1. e4 c5 2. Nf3 d6 3. Bb5+ Nd7 4. d4 Ngf6 5. O-O cxd4 6. Qxd4 e5 7. Qd3 Be7 8.
Bg5 O-O 9. Bxd7 Nxd7 10. Bxe7 Qxe7 11. Nc3 Nc5 12. Nd5 Qd8 13. Qe3 f5 14. Nxe5
f4 15. Qa3 Nxe4 16. Nf3 Be6 17. Rad1 Bxd5 18. Rxd5 Qb6 19. Qd3 Rae8 20. Rb5 Qc6
21. Nd4 Qc8 22. f3 Nf6 23. Nf5 Qc6 24. Nd4 Qc8 25. Qb3+ Rf7 26. Rf5 Re5 27.
Rxf4 d5 28. Qd3 g6 29. Nb3 Kg7 30. Ra4 a6 31. Nd4 Rfe7 32. Ra3 Qe8 33. Rb3 h5
34. h4 b5 35. Rc3 Re3 36. Qd2 Rxc3 37. Qxc3 Re3 38. Qc7+ Re7 39. Qf4 Re1 40.
Qd2 Re7 41. a3 Re5 42. Rd1 Ng8 43. Kf1 Nf6 44. Re1 Kf7 45. Kf2 Qe7 46. Rxe5
Qxe5 47. Qe3 Qd6 48. Nb3 Ng8 49. Qc5 Qd8 50. Qa7+ Ne7 51. g3 Qd6 52. Nc5 Qe5
53. Nd3 Qd6 54. Nf4 Qe5 55. c3 Qf5 56. Qe3 Nc6 57. Qd3 Qxd3 58. Nxd3 d4 59.
cxd4 Nxd4 60. g4 Ne6 61. Ke3 Kf6 62. Ke4 g5 63. hxg5+ Nxg5+ 64. Ke3 h4 65. f4
Ne6 66. Kf3 Nd4+ 67. Kg2 a5 68. Kh3 Nf3 69. Ne5 Nd2 70. Kxh4 b4 71. axb4 axb4
72. Kh5 Ne4 73. Kh6 Nc5 74. g5+ Kf5 75. g6 Ne6 76. g7 Nxg7 77. Kxg7 Kxf4 78.
Nd3+ Ke4 79. Nxb4 Kd4 80. Nc2+ 1-0

[Event "3eme Open International de La Fere"]
[Site "La Fere (FRA)"]
[Date "2004.??.??"]
[Round "8.8"]
[White "Bogza, Adina-Maria"]
[Black "Meijers, Viesturs"]
[Result "0-1"]
[WhiteElo "2291"]
[BlackElo "2477"]
[PlyCount "76"]
[EventDate "2004.??.??"]

1. Nf3 Nf6 2. c4 e6 3. g3 d5 4. b3 Be7 5. Bg2 b6 6. Bb2 O-O 7. O-O Bb7 8. e3
dxc4 9. bxc4 c5 10. Nc3 Nc6 11. Qe2 Nb4 12. d4 cxd4 13. exd4 Rc8 14. Rfd1 Re8
15. Rac1 Bf8 16. a3 Nc6 17. Ne5 Qc7 18. Nxc6 Bxc6 19. Ne4 Nxe4 20. Bxe4 Bxe4
21. Qxe4 Qc6 22. Qd3 Qd7 23. h4 h6 24. Kg2 Rc6 25. a4 Rec8 26. Rc2 Rxc4 27.
Rxc4 Qd5+ 28. Qf3 Rxc4 29. Qxd5 exd5 30. a5 bxa5 31. Ra1 a4 32. Kf3 a3 33. Bc1
Rxd4 34. Ke3 Rd1 35. Ke2 Rg1 36. h5 a5 37. Bb2 Rxa1 38. Bxa1 g6 0-1

[Event "3eme Open International de La Fere"]
[Site "La Fere (FRA)"]
[Date "2004.??.??"]
[Round "8.9"]
[White "Minet, Steve"]
[Black "Dobrev, Nanko"]
[Result "0-1"]
[WhiteElo "2154"]
[BlackElo "2415"]
[PlyCount "56"]
[EventDate "2004.??.??"]

1. e4 e5 2. Nf3 Nc6 3. Bb5 a6 4. Bxc6 dxc6 5. O-O Be6 6. d4 exd4 7. Qxd4 Qxd4
8. Nxd4 Bc4 9. Re1 O-O-O 10. Be3 Bb4 11. c3 Bf8 12. f3 c5 13. Nb3 b6 14. N1d2
Be6 15. f4 Nf6 16. h3 Be7 17. Bf2 Nh5 18. f5 Bd7 19. Nc4 f6 20. Ne3 Rhe8 21.
Nd5 Bc6 22. Rad1 Ba4 23. c4 Kb7 24. Rd2 c6 25. Nxb6 Bxb3 26. axb3 Kxb6 27. Red1
Kc7 28. g4 Nf4 0-1

[Event "3eme Open International de La Fere"]
[Site "La Fere (FRA)"]
[Date "2004.??.??"]
[Round "8.10"]
[White "Benitah, Yohan"]
[Black "Afek, Yochanan"]
[Result "1/2-1/2"]
[WhiteElo "2408"]
[BlackElo "2325"]
[PlyCount "120"]
[EventDate "2004.??.??"]

1. d4 d5 2. c4 dxc4 3. e3 e5 4. Bxc4 exd4 5. exd4 Nf6 6. Nc3 Bd6 7. Qe2+ Be7 8.
Nf3 O-O 9. O-O Bg4 10. h3 Bh5 11. g4 Bg6 12. Re1 Re8 13. Ne5 Nc6 14. Be3 Nxd4
15. Bxd4 Qxd4 16. Nb5 Qf4 17. Qe3 Qxe3 18. Rxe3 Bc5 19. Nxc7 Bxe3 20. Nxg6 hxg6
21. Nxe8 Rxe8 22. fxe3 Rxe3 23. Kg2 Re4 24. b3 Rd4 25. Rf1 Rd2+ 26. Kg1 Rxa2
27. g5 b5 28. Bxb5 Ra5 29. Bc4 Rxg5+ 30. Kh2 Re5 31. Rd1 g5 32. Rd6 Re7 33. Rc6
Rd7 34. Bb5 Kh7 35. Kg3 Re7 36. Bd3+ Ne4+ 37. Kg4 g6 38. Bxe4 Rxe4+ 39. Kxg5
Kg7 40. Rc7 a5 41. h4 Rd4 42. Rb7 Rb4 43. Re7 Rb5+ 44. Kf4 Rb4+ 45. Kg5 Rd4 46.
Rc7 Rd5+ 47. Kf4 Rf5+ 48. Kg4 Kf6 49. Rb7 Ke5 50. b4 a4 51. Ra7 Rf4+ 52. Kg5
Rxb4 53. Rxf7 Kd5 54. Rf6 Rb1 55. Kxg6 a3 56. Ra6 Ra1 57. h5 a2 58. Kh7 Rh1 59.
Rxa2 Rxh5+ 60. Kg6 Rh1 1/2-1/2

[Event "3eme Open International de La Fere"]
[Site "La Fere (FRA)"]
[Date "2004.??.??"]
[Round "8.11"]
[White "Ciuksyte, Dagne"]
[Black "Laurent, Julien G"]
[Result "1/2-1/2"]
[WhiteElo "2338"]
[BlackElo "2212"]
[PlyCount "82"]
[EventDate "2004.??.??"]

1. e4 c5 2. Nf3 d6 3. d4 Nf6 4. Nc3 cxd4 5. Nxd4 g6 6. Bc4 Bg7 7. O-O O-O 8.
Re1 Nc6 9. h3 Bd7 10. Bb3 Nxd4 11. Qxd4 Bc6 12. Qe3 b5 13. Bd2 e6 14. Qd3 a5
15. a3 b4 16. Na4 bxa3 17. Rxa3 d5 18. exd5 Nxd5 19. Rd1 Qc7 20. Qc4 Rfc8 21.
Nc3 Qb7 22. Nxd5 Bxd5 23. Qg4 Bc6 24. Rxa5 Rxa5 25. Bxa5 h5 26. Qg3 Bxb2 27.
Rd6 Bg7 28. Qg5 Be4 29. Rd8+ Rxd8 30. Qxd8+ Kh7 31. f3 Bd5 32. Qc7 Bd4+ 33. Kh2
Bxf3 34. Bxe6 Bxg2 35. Bxf7 Qxc7+ 36. Bxc7 Be4 37. c4 Kg7 38. Bd5 Bxd5 39. cxd5
Kf6 40. Kg3 Be5+ 41. Bxe5+ Kxe5 1/2-1/2

[Event "3eme Open International de La Fere"]
[Site "La Fere (FRA)"]
[Date "2004.??.??"]
[Round "8.13"]
[White "Maufroid, Loic"]
[Black "Gaponenko, Inna"]
[Result "0-1"]
[WhiteElo "2120"]
[BlackElo "2448"]
[PlyCount "68"]
[EventDate "2004.??.??"]

1. e4 c5 2. Nf3 d6 3. c3 Nf6 4. Bd3 g6 5. Bc2 Bg7 6. d4 O-O 7. O-O Bg4 8. h3
Bxf3 9. Qxf3 Nc6 10. dxc5 dxc5 11. Na3 Nd7 12. Bg5 h6 13. Be3 Qa5 14. Bb3 b5
15. Bd5 Rac8 16. Qe2 a6 17. Rfd1 Qc7 18. Qd2 Ncb8 19. Bxh6 c4 20. Bf4 Ne5 21.
Bxe5 Bxe5 22. Qg5 Kg7 23. Nc2 e6 24. Ne3 Bf4 25. Qg4 Bxe3 26. fxe3 exd5 27.
exd5 Qe5 28. e4 Rfe8 29. Re1 Rcd8 30. a4 Nd7 31. axb5 axb5 32. Qf3 Nf6 33. Rf1
Re7 34. Rad1 Nxe4 0-1

[Event "3eme Open International de La Fere"]
[Site "La Fere (FRA)"]
[Date "2004.??.??"]
[Round "8.14"]
[White "Joie, Sebastien"]
[Black "Pytel, Krzysztof"]
[Result "0-1"]
[WhiteElo "2000"]
[BlackElo "2416"]
[PlyCount "112"]
[EventDate "2004.??.??"]

1. Nf3 g6 2. g3 Bg7 3. Bg2 d6 4. d4 Nf6 5. O-O O-O 6. Nc3 Nc6 7. e4 Bg4 8. h3
Bxf3 9. Bxf3 Nd7 10. Be3 e5 11. dxe5 Ndxe5 12. Be2 Re8 13. Qd2 Nd7 14. f3 Nb6
15. Rad1 Qd7 16. Kg2 f5 17. exf5 Qxf5 18. Bd3 Qf7 19. Bxb6 axb6 20. Be4 Kh8 21.
Rfe1 Qd7 22. Bd5 Ne5 23. f4 Nc6 24. Ne4 Nd4 25. Qf2 Nf5 26. c3 c6 27. Bb3 d5
28. Qxb6 Qe7 29. Nf2 Ne3+ 30. Kf3 c5 31. Bxd5 Nxd5 32. Rxe7 Nxb6 33. Rxb7 Reb8
34. Rxb8+ Rxb8 35. Nd3 Na4 36. Re1 Kg8 37. Re2 Kf7 38. Re4 Nxb2 39. Nxc5 Bxc3
40. Na4 Nd1 41. Rc4 Bf6 42. Rc1 Ra8 43. Rxd1 Rxa4 44. Rd7+ Be7 45. Rd3 Rxa2 46.
g4 h6 47. Rd4 Ra3+ 48. Kg2 Kf6 49. Rc4 Rd3 50. Re4 Kf7 51. Rc4 Bf6 52. Re4 g5
53. fxg5 hxg5 54. h4 gxh4 55. g5 h3+ 56. Kf2 Rd1 0-1

[Event "3eme Open International de La Fere"]
[Site "La Fere (FRA)"]
[Date "2004.??.??"]
[Round "8.17"]
[White "Vernay, Clovis"]
[Black "Bielka, Samuel"]
[Result "0-1"]
[WhiteElo "2206"]
[BlackElo "2054"]
[PlyCount "63"]
[EventDate "2004.??.??"]

1. d4 d5 2. Nf3 Nf6 3. c4 c6 4. e3 Bf5 5. cxd5 cxd5 6. Nc3 e6 7. Ne5 Nfd7 8.
Qa4 f6 9. g4 Bg6 10. Nxg6 hxg6 11. e4 dxe4 12. Bc4 Qb6 13. d5 e5 14. a3 Rh3 15.
Bd2 f5 16. O-O-O Na6 17. Be3 Bc5 18. Bxa6 Bxe3+ 19. fxe3 bxa6 20. Qc6 Qxc6 21.
dxc6 Nc5 22. Rd6 Rxe3 23. Rxg6 f4 24. Rxg7 O-O-O 25. Rxa7 f3 26. Ra8+ Kc7 27.
Rxd8 Kxd8 28. Rf1 Nb3+ 29. Kd1 Nd4 30. Kc1 Ne2+ 31. Kd2 Rd3+ 32. Kc2 0-1

[Event "3eme Open International de La Fere"]
[Site "La Fere (FRA)"]
[Date "2004.??.??"]
[Round "8.18"]
[White "Leuw, Micha"]
[Black "Gozzoli, Cyrille"]
[Result "1-0"]
[WhiteElo "2193"]
[BlackElo "2087"]
[PlyCount "95"]
[EventDate "2004.??.??"]

1. e4 d5 2. exd5 Qxd5 3. Nc3 Qa5 4. Bc4 Nf6 5. d3 c6 6. Bd2 Qc7 7. Nge2 Bf5 8.
Ng3 Bg6 9. Qe2 e6 10. f4 Bd6 11. Rf1 Nbd7 12. Nce4 O-O-O 13. O-O-O Rhe8 14.
Nxd6+ Qxd6 15. Ne4 Qc7 16. g4 Bxe4 17. dxe4 Nb6 18. Bd3 Nfd7 19. Qf2 c5 20. Be2
Qc6 21. e5 c4 22. Bf3 Qc5 23. Qxc5+ Nxc5 24. Bb4 Na6 25. Bd6 Nc7 26. b3 Nb5 27.
Bc5 Nc3 28. Rxd8+ Rxd8 29. f5 Nd7 30. Bd6 Nb5 31. Be7 Rg8 32. bxc4 Nd4 33. Bd6
exf5 34. Bd5 Re8 35. Bxf7 Rxe5 36. Bxe5 Nxe5 37. c3 Ndc6 38. Be6+ Kd8 39. gxf5
Ke7 40. Kd2 Kf6 41. Bd5 Ne7 42. Bxb7 Nxc4+ 43. Kd3 Ne5+ 44. Ke4 Nc4 45. Kd4 Nd6
46. Be4 Nb5+ 47. Kd3 Ke5 48. Re1 1-0

[Event "3eme Open International de La Fere"]
[Site "La Fere (FRA)"]
[Date "2004.??.??"]
[Round "8.20"]
[White "Delorme, Laurie"]
[Black "Molenaar, Joseph"]
[Result "0-1"]
[WhiteElo "2037"]
[BlackElo "2171"]
[PlyCount "62"]
[EventDate "2004.??.??"]

1. e4 d5 2. exd5 Qxd5 3. Nc3 Qa5 4. Bc4 Nf6 5. d3 c6 6. Bd2 Qc7 7. Nge2 Bf5 8.
Ng3 Bg6 9. Nce4 Nbd7 10. Qe2 e6 11. O-O Be7 12. f4 O-O-O 13. b4 h5 14. Nxf6
Nxf6 15. Qf2 c5 16. h3 h4 17. Ne2 Ne4 18. dxe4 Rxd2 19. Qe1 Rd7 20. Bb5 Rdd8
21. Nc1 a6 22. f5 Bh7 23. Be2 c4 24. fxe6 Qe5 25. Rb1 Bd6 26. g3 hxg3 27. Bg4
Qd4+ 28. Kg2 Bxe4+ 29. Bf3 Bxf3+ 30. Rxf3 Rxh3 31. Kxh3 Rh8+ 0-1

[Event "3eme Open International de La Fere"]
[Site "La Fere (FRA)"]
[Date "2004.??.??"]
[Round "8.21"]
[White "Rapinel, Franck"]
[Black "Lesot, Jeremy"]
[Result "1-0"]
[WhiteElo "2165"]
[BlackElo "1870"]
[PlyCount "151"]
[EventDate "2004.??.??"]

1. e4 c5 2. Nf3 d6 3. d4 cxd4 4. Nxd4 Nf6 5. Nc3 a6 6. Bc4 e6 7. Bb3 Be7 8. f4
Nc6 9. Be3 Qa5 10. O-O Qh5 11. Qxh5 Nxh5 12. Nxc6 bxc6 13. e5 g6 14. exd6 Bxd6
15. Ne4 Be7 16. Ba4 Bb7 17. Nc5 O-O-O 18. Nd3 f6 19. Bb3 Ng7 20. Bc5 Rhe8 21.
Bxe7 Rxe7 22. Rae1 Kc7 23. Nc5 Bc8 24. Bc4 Kb6 25. Ne4 Ne8 26. Bb3 f5 27. Nc3
Nf6 28. Na4+ Kc7 29. Nc5 Kb6 30. Re5 Ng4 31. Na4+ Ka7 32. Re2 Nf6 33. Nc5 Nd5
34. g3 Kb6 35. Nd3 Nf6 36. Rfe1 Rde8 37. Ne5 Ne4 38. Rd1 Kc7 39. Re3 Nf6 40.
Rc3 Bb7 41. Nxc6 Ne4 42. Rc4 Nd6 43. Rxd6 Kxd6 44. Nxe7 Rxe7 45. Kf2 e5 46.
fxe5+ Rxe5 47. Rd4+ Kc7 48. Ba4 Re7 49. c3 Bh1 50. Bd1 Bb7 51. Bf3 Bc8 52. Bd5
Be6 53. Bxe6 Rxe6 54. Rd2 Re7 55. Kf3 Kc6 56. Kf4 h6 57. h4 Re4+ 58. Kf3 Re6
59. Re2 Rd6 60. Kf4 Kc5 61. h5 gxh5 62. Kxf5 Rd3 63. Rg2 Rd6 64. Rh2 Rd5+ 65.
Ke4 Rg5 66. Kf4 a5 67. Rd2 Rg4+ 68. Kf3 Kc4 69. Rd6 a4 70. Rxh6 Rg5 71. Ra6 Kb5
72. Ra8 Rg4 73. b3 axb3 74. axb3 Rg5 75. c4+ Kb6 76. Rb8+ 1-0

[Event "3eme Open International de La Fere"]
[Site "La Fere (FRA)"]
[Date "2004.??.??"]
[Round "8.22"]
[White "Constantin, Francois"]
[Black "Gosset, Arnaud"]
[Result "1/2-1/2"]
[WhiteElo "1924"]
[BlackElo "2146"]
[PlyCount "52"]
[EventDate "2004.??.??"]

1. c4 Nf6 2. Nc3 e6 3. e4 d5 4. e5 d4 5. exf6 dxc3 6. bxc3 Qxf6 7. d4 c5 8. Nf3
h6 9. Bd3 cxd4 10. cxd4 Bb4+ 11. Bd2 Bxd2+ 12. Qxd2 O-O 13. O-O Nc6 14. Rab1
Rb8 15. Rfe1 Rd8 16. Re4 Bd7 17. Rbe1 Qe7 18. Rg4 Kh8 19. Rh4 Kg8 20. Rxh6 gxh6
21. Qxh6 f5 22. Bxf5 Qg7 23. Bxe6+ Bxe6 24. Qxe6+ Qf7 25. Qg4+ Qg7 26. Qe6+ Qf7
1/2-1/2

[Event "3eme Open International de La Fere"]
[Site "La Fere (FRA)"]
[Date "2004.??.??"]
[Round "8.23"]
[White "Platel, Alexandre"]
[Black "Lemaire, Matthieu"]
[Result "1-0"]
[WhiteElo "2145"]
[BlackElo "1890"]
[PlyCount "47"]
[EventDate "2004.??.??"]

1. e4 e5 2. Nf3 Nc6 3. d4 exd4 4. Nxd4 Bc5 5. Be3 Qf6 6. c3 Nge7 7. Bc4 O-O 8.
O-O Bb6 9. f4 d6 10. Kh1 Nxd4 11. cxd4 Nc6 12. Nc3 Qe7 13. f5 Kh8 14. f6 gxf6
15. Nd5 Qxe4 16. Rf4 Qg6 17. Rxf6 Qe4 18. Rh6 Rg8 19. Qe2 Bg4 20. Bd3 Bxe2 21.
Bxe4 Kg7 22. Rxh7+ Kf8 23. Bh6+ Ke8 24. Nf6+ 1-0

[Event "3eme Open International de La Fere"]
[Site "La Fere (FRA)"]
[Date "2004.??.??"]
[Round "8.25"]
[White "Maupoint, Sebastien"]
[Black "Lambrescak, Alexandre"]
[Result "1/2-1/2"]
[WhiteElo "2082"]
[BlackElo "1830"]
[PlyCount "174"]
[EventDate "2004.??.??"]

1. g3 d5 2. c4 c6 3. Bg2 Nf6 4. Nf3 Bg4 5. cxd5 Nxd5 6. Nc3 e6 7. Nxd5 exd5 8.
Qb3 Qc7 9. O-O Bd6 10. d4 O-O 11. Bd2 Re8 12. e3 Qb6 13. Qc2 Bh5 14. Bc3 Bg6
15. Qd2 Nd7 16. Ba5 Qb5 17. Rad1 b6 18. Bc3 Qa6 19. a4 f6 20. b4 Qb7 21. b5
cxb5 22. axb5 Be4 23. Bb4 Bxb4 24. Qxb4 Rac8 25. Rc1 Nf8 26. Nh4 Bxg2 27. Kxg2
Qd7 28. Qb3 Kh8 29. Qd3 g6 30. Nf3 Ne6 31. h4 Rc7 32. Rxc7 Nxc7 33. Rb1 Rc8 34.
Ng1 Ne6 35. Nh3 Rc4 36. Ng1 Nc7 37. Qa3 Qe8 38. Nf3 Qa8 39. Qe7 Kg8 40. Qxf6
Qf8 41. Qg5 Kg7 42. h5 Qf5 43. h6+ Kg8 44. Qxf5 gxf5 45. Nh4 f4 46. gxf4 Kf7
47. Nf3 Ra4 48. Ne5+ Kf6 49. Nc6 Kg6 50. Rb2 Kxh6 51. Kf3 Kg6 52. Kg4 Ra1 53.
f5+ Kf6 54. Kf4 h5 55. f3 Ra3 56. e4 h4 57. e5+ Kf7 58. Kg4 h3 59. Kxh3 Rxf3+
60. Kg4 Re3 61. Nxa7 Re4+ 62. Kg5 Rxd4 63. e6+ Nxe6+ 64. fxe6+ Kxe6 65. Nc8 Rc4
66. Nxb6 Rc7 67. Na4 Kd6 68. b6 Rb7 69. Kf4 Rb8 70. Ke3 Ra8 71. Rb4 Kc6 72. Kd3
Rh8 73. Rf4 Ra8 74. Rf6+ Kb5 75. Nc3+ Kc5 76. Rg6 Rb8 77. Na4+ Kb5 78. Kd4 Kxa4
79. Kc5 d4 80. Rg3 Rc8+ 81. Kd6 Kb5 82. b7 Rh8 83. b8=Q+ Rxb8 84. Rb3+ Kc4 85.
Rxb8 d3 86. Ke5 d2 87. Rd8 Kc3 1/2-1/2

[Event "3eme Open International de La Fere"]
[Site "La Fere (FRA)"]
[Date "2004.??.??"]
[Round "8.26"]
[White "Castle, Kenneth"]
[Black "Vinsot, Robin-Gael"]
[Result "0-1"]
[WhiteElo "1810"]
[BlackElo "2078"]
[PlyCount "59"]
[EventDate "2004.??.??"]

1. e4 e5 2. Nf3 d6 3. d4 Bg4 4. dxe5 Nd7 5. exd6 Bxd6 6. Be2 Ngf6 7. h3 Bh5 8.
Bg5 Qe7 9. Nbd2 h6 10. Bxf6 Nxf6 11. c3 O-O 12. Qc2 Rfe8 13. O-O g5 14. Rfe1
Bg6 15. Bd3 g4 16. hxg4 Nxg4 17. g3 Bc5 18. Rf1 Rad8 19. Rae1 Qd6 20. Nd4 Bxd4
21. cxd4 Qxd4 22. Bb5 c6 23. Nb3 Qb4 24. f3 Qxb5 25. fxg4 Qe5 26. Qf2 b6 27.
Re3 Rd6 28. Qf4 Kg7 29. Kg2 Qxb2+ 30. Kf3 0-1

[Event "3eme Open International de La Fere"]
[Site "La Fere (FRA)"]
[Date "2004.??.??"]
[Round "8.28"]
[White "Waquet, Frederic"]
[Black "Casier, Fabrice"]
[Result "1/2-1/2"]
[WhiteElo "2055"]
[BlackElo "1810"]
[PlyCount "48"]
[EventDate "2004.??.??"]

1. e4 d5 2. exd5 Qxd5 3. Nc3 Qa5 4. d4 c6 5. Nf3 Nf6 6. Bc4 Bg4 7. h3 Bh5 8.
Qe2 e6 9. Bd2 Qd8 10. g4 Bg6 11. O-O-O Be7 12. Rhe1 Nd5 13. Ne4 h6 14. Ne5 Bh7
15. Ng3 Nd7 16. Nxf7 Kxf7 17. Qxe6+ Kf8 18. Bxd5 cxd5 19. Nf5 Bxf5 20. Qxf5+
Nf6 21. Re6 Kf7 22. h4 g6 23. Qe5 Nxg4 24. Qe2 Nf6 1/2-1/2